LEADER 00708nam0-22002651i-450- 001 990001070990403321 035 $a000107099 035 $aFED01000107099 035 $a(Aleph)000107099FED01 035 $a000107099 100 $a20000920d1965----km-y0itay50------ba 101 0 $aeng 200 1 $aElements of Transistors Pulse Circuits 210 $a[S.l.]$cWireless$d1965 610 0 $aElettronica impulsiva 676 $a537.5 700 1$aTowers,$bThomas Dundas$050971 801 0$aIT$bUNINA$gRICA$2UNIMARC 901 $aBK 912 $a990001070990403321 952 $a31E-022$b4575$fFI1 959 $aFI1 996 $aElements of Transistors Pulse Circuits$9339966 997 $aUNINA DB $aING01 LEADER 02486nam 2200541 450 001 9910806166103321 005 20230803201559.0 010 $a1-61711-951-2 010 $a1-61711-956-3 035 $a(CKB)3710000000074156 035 $a(EBL)3404709 035 $a(SSID)ssj0001084825 035 $a(PQKBManifestationID)12451403 035 $a(PQKBTitleCode)TC0001084825 035 $a(PQKBWorkID)11048743 035 $a(PQKB)10929540 035 $a(MiAaPQ)EBC3404709 035 $a(EXLCZ)993710000000074156 100 $a20130513h20142014 uy| 0 101 0 $aeng 135 $aur|n|---||||| 181 $ctxt 182 $cc 183 $acr 200 04$aThe use of aquatics in orthopedic and sports medicine rehabilitation and physical conditioning /$f[edited by] Kevin E. Wilk and David M. Joyner 210 1$aThorofare, NJ :$cSLACK Incorporated,$d[2014] 210 4$dİ2014 215 $a1 online resource (208 p.) 300 $aDescription based upon print version of record. 311 $a1-55642-951-7 320 $aIncludes bibliographical references and index. 327 $aAquatic therapy : history, theory, and applications / Bruce E. Becker -- Guidelines and indications for the use of aquatic therapy / Jessica Heath, and Lisa Pataky -- Pool selection, facility design, and engineering considerations -- David Joyner and Anson J. Flake -- Aquatic application for the lower extremity / Todd R. Hooks, Kevin E. Wilk, and Jason Palmer -- Aquatic application for the upper extremity / Leonard C. Macrina, A.J. Yenchak, Kevin E. Wilk, and Mike Reinold -- Aquatic rehabilitation for the spine / Timothy DiFrancesco and Lisa Pataky -- Chronic pain : fibromyalgia and other symptoms / Daniel Seidler -- Strength training and conditioning / Murphy Grant -- Sports-specific training / Murphy Grant -- Research evidence for the benefits of aquatic exercise / Stephen F. Crouse, and Dennis Dolny. 606 $aHydrotherapy 606 $aPhysical fitness 606 $aRehabilitation 615 0$aHydrotherapy. 615 0$aPhysical fitness. 615 0$aRehabilitation. 676 $a615.8/53 701 $aWilk$b Kevin E$01673890 701 $aJoyner$b David M.$f1950-$01673891 801 0$bMiAaPQ 801 1$bMiAaPQ 801 2$bMiAaPQ 906 $aBOOK 912 $a9910806166103321 996 $aThe use of aquatics in orthopedic and sports medicine rehabilitation and physical conditioning$94038299 997 $aUNINA